Trh práce a politika zamestnanosti (aplikačné praktikum)

Saved in:
Bibliographic Details
Main Author: Pongrácz, Eva, 1971-
Corporate Author: Ekonomická univerzita v Bratislave. Národohospodárska fakulta
Other Authors: Klimko, Roman, 1985-, Rievajová, Eva, Frišták, Ján
Format: Book
Language:Slovak
Published: Bratislava Vydavateľstvo EKONÓM 2015
Edition:2. [prepracované] vydanie
Subjects:
Tags: Add Tag
No Tags, Be the first to tag this record!

MARC

LEADER 00000nam a2200000 4500
001 0209295
005 20240502073458.0
020 |a 978-80-225-4137-4 
041 0 |a slo 
044 |a SK 
245 1 0 |a Trh práce a politika zamestnanosti  |b (aplikačné praktikum)  |c Eva Pongrácz, Roman Klimko ; recenzenti: Eva Rievajová, Ján Frišták 
250 |a 2. [prepracované] vydanie 
264 1 |a Bratislava  |b Vydavateľstvo EKONÓM  |c 2015 
300 |a 107 s. [3,41 AH] 
610 2 0 |a trh práce 
610 2 0 |a politika zamestnanosti 
610 2 0 |a migrácia 
610 2 0 |a sily pracovné 
610 2 0 |a zamestnanosť 
610 2 0 |a mzdy 
610 2 0 |a náklady práce 
610 2 0 |a produktivita práce 
610 2 0 |a nezamestnanosť 
610 2 0 |a nezamestnanosť dlhodobá 
610 2 0 |a Európska únia 
100 1 |a Pongrácz, Eva, 1971- 
700 1 |a Klimko, Roman, 1985- 
700 1 |a Rievajová, Eva 
700 1 |a Frišták, Ján 
710 2 |a Ekonomická univerzita v Bratislave. Národohospodárska fakulta